000 00348nam a2200133Ia 4500
008 240624s9999 xx 000 0 und d
041 _aeng
082 _a338.064 BHI
100 _aBHIDE AMAR
245 _aVENTURESOME ECONOMY HOW INNOVATION SUSTA
260 _c2008
_aNew Jersey
_bPrinceton University Press
300 _a508 p.
365 _cRS
_b33
999 _c32791
_d32791